| 000 | 01675cam a2200373 a 4500 | ||
|---|---|---|---|
| 001 | EDZ0000117376 | ||
| 003 | StDuBDS | ||
| 005 | 20161031105201.0 | ||
| 006 | m||||||||d|||||||| | ||
| 007 | cr ||||||||||| | ||
| 008 | 130111s2008 caua fo| 000|0|eng|d | ||
| 020 |
_a9781446263396 (ebook) : _cNo price |
||
| 040 |
_aStDuBDS _beng _cStDuBDS _epn |
||
| 049 | _aAlfaisal Main Library | ||
| 050 | 0 |
_aH62 _b.S41715 2008 |
|
| 082 | 0 | 4 |
_a300.721 _223 |
| 245 | 0 | 0 |
_aSelecting research methods _h[electronic resource] / _cedited by W. Paul Vogt. |
| 260 |
_aLos Angeles, [Calif.] ; _aLondon : _bSAGE, _c2008. |
||
| 300 |
_a1 online resource (4 v.) : _bill. |
||
| 490 | 1 | _aSAGE benchmarks in social research methods | |
| 505 | 0 | _av. 1. Selecting designs for gathering evidence -- v. 2. Methods to sample, recruit, and assign cases -- v. 3. Methods for coding and measuring data -- v. 4. Methods for analysing and reporting results. | |
| 520 | 8 | _a'Selecting Research Methods' provides advice from prominent social scientists concerning the most crucial steps for planning and undertaking meaningful research: selecting the methods to be used. | |
| 521 | _aSpecialized. | ||
| 588 | _aDescription based on print version record. | ||
| 504 | _aIncludes bibliographical references. | ||
| 650 | 0 |
_aSocial sciences _xResearch _xMethodology. |
|
| 655 | 7 |
_aElectronic books. _2local |
|
| 700 | 1 | _aVogt, W. Paul. | |
| 710 | 2 | _aSage eBooks | |
| 776 | 0 | 8 |
_iPrint version : _z9781847871800 |
| 830 | 0 | _aSAGE benchmarks in social research methods. | |
| 856 | 4 | 0 | _uhttp://ezproxy.alfaisal.edu/login?url=http://sk.sagepub.com/navigator/selecting-research-methods |
| 942 |
_2lcc _cEBOOKS |
||
| 999 |
_c481184 _d481184 |
||